[Event "28.Alpenpokal"]
[Site "?"]
[Date "2002.??.??"]
[Round "1"]
[White "Heissenbuettel, Hans-Erich"]
[Black "Thonig, Manfred"]
[Result "1-0"]
[WhiteElo "1923"]
[BlackElo "1551"]
[Annotator "ChessOrg"]
[PlyCount "129"]

1. c4 f5 2. d4 b6 3. Nf3 Bb7 4. Nc3 Nf6 5. e3 e6 6. Bd2 Bb4 7. Bd3 Bxc3 8. Bxc3
Ne4 9. Bb4 c5 10. dxc5 bxc5 11. Ba3 Qa5+ 12. Nd2 O-O 13. f3 Ng5 14. O-O d6 15.
Qc2 Nc6 16. Nb3 Qb6 17. Qd2 Rad8 18. Rad1 Ne7 19. Rfe1 Bxf3 20. Rc1 Nc6 21. h4
Ne4 22. Qc2 Bh5 23. Bxe4 fxe4 24. Qxe4 Ne5 25. Nxc5 dxc5 26. Qxe5 Rf5 27. Qg3
Rdf8 28. Rf1 Rxf1+ 29. Rxf1 Rxf1+ 30. Kxf1 Qd8 31. Kg1 Bf7 32. Bxc5 a6 33. Bd4
Qf8 34. Qe5 h5 35. b4 Kh7 36. b5 axb5 37. cxb5 Be8 38. b6 Qe7 39. g3 Qb7 40.
Qxg7+ Qxg7 41. Bxg7 Bc6 42. Be5 Kg6 43. Kf2 Kf5 44. Bc7 Kg4 45. a4 Bb7 46. a5
Kf5 47. Ke2 Ke4 48. g4 hxg4 49. Kf2 Kf5 50. Kg3 Bc8 51. Bd8 e5 52. h5 e4 53.
Kh4 Ke6 54. Bc7 Kf5 55. Bf4 Kf6 56. Kg3 Kf5 57. h6 Kg6 58. Bg5 Kh7 59. Kf4 Kg6
60. a6 Bxa6 61. Kxg4 Bb7 62. Kf4 Ba8 63. Ke5 Kf7 64. Kd6 Bb7 65. Kc7 1-0

[Event "28.Alpenpokal"]
[Site "?"]
[Date "2002.??.??"]
[Round "1"]
[White "Wahl, Hedi"]
[Black "Spurga, Josef"]
[Result "0-1"]
[WhiteElo "1436"]
[BlackElo "1899"]
[Annotator "ChessOrg"]
[PlyCount "70"]

1. e4 c5 2. Nf3 e6 3. c3 d5 4. exd5 Qxd5 5. Be2 Nf6 6. O-O Be7 7. d4 O-O 8. h3
Nc6 9. Be3 cxd4 10. Nxd4 Nxd4 11. Qxd4 Qa5 12. b4 Qf5 13. Qf4 Qxf4 14. Bxf4 Nd5
15. Bd2 Bf6 16. a4 Nxb4 17. Na3 Nd5 18. Rac1 Bd7 19. Bb5 Rfd8 20. Bxd7 Rxd7 21.
c4 Nb6 22. Bc3 Bxc3 23. Rxc3 Nxa4 24. Rc2 Rd3 25. Ra1 a6 26. Nb1 Rd1+ 27. Kh2
Nc5 28. Rb2 Rc8 29. Raa2 h5 30. Nd2 Rc7 31. f3 h4 32. Rc2 Rd7 33. f4 Nd3 34.
Nf3 Nb4 35. Ne5 Rd8 0-1

[Event "28.Alpenpokal"]
[Site "?"]
[Date "2002.??.??"]
[Round "1"]
[White "Eidam, Horst"]
[Black "Schenfeld, Waldemar"]
[Result "1-0"]
[WhiteElo "1889"]
[BlackElo "1429"]
[Annotator "ChessOrg"]
[PlyCount "81"]

1. c4 Nf6 2. Nc3 e6 3. g3 c6 4. Bg2 d5 5. cxd5 exd5 6. d4 Bf5 7. Nf3 Be7 8. Nh4
Bg4 9. Qc2 Nbd7 10. Nf5 O-O 11. Nxe7+ Qxe7 12. O-O Rfe8 13. e3 Qe6 14. Ne2 Bf5
15. Qb3 Rab8 16. Nf4 Qd6 17. Bd2 Ne4 18. Bb4 Qc7 19. f3 Nef6 20. Rac1 Qb6 21.
Qa3 a6 22. Ba5 Qa7 23. g4 Bg6 24. g5 Nh5 25. Nxg6 hxg6 26. Bh3 f5 27. gxf6
Nhxf6 28. Bc7 Rbc8 29. Bf4 Qb6 30. Qd6 Qd8 31. Rf2 Qe7 32. Re1 Rcd8 33. Qc7 Nf8
34. Qxe7 Rxe7 35. Rg2 Kf7 36. Be5 Ne6 37. Bxe6+ Rxe6 38. b4 Nd7 39. Bf4 Rde8
40. Kf2 Ne5 41. Bxe5 1-0

[Event "28.Alpenpokal"]
[Site "?"]
[Date "2002.??.??"]
[Round "1"]
[White "Wassem, Michael"]
[Black "Weber, Gerhard"]
[Result "1/2-1/2"]
[WhiteElo "1401"]
[BlackElo "2136"]
[Annotator "ChessOrg"]
[PlyCount "57"]

1. d4 Nf6 2. c4 g6 3. Nc3 Bg7 4. Nf3 d6 5. e4 O-O 6. Be2 Bg4 7. h3 Bxf3 8. Bxf3
c6 9. Qb3 Qb6 10. Qxb6 axb6 11. Be3 Nbd7 12. O-O c5 13. d5 Ne8 14. Rfe1 Nc7 15.
a3 Ra5 16. Bd2 Raa8 17. Rab1 Kh8 18. Bg5 Rfe8 19. Bg4 Nf6 20. Bd1 Ng8 21. f3
Bh6 22. Bxh6 Nxh6 23. Bc2 Kg7 24. f4 e5 25. fxe5 Rxe5 26. Re2 Rae8 27. Rf1 f5
28. Rfe1 fxe4 29. Rxe4 1/2-1/2

[Event "28.Alpenpokal"]
[Site "?"]
[Date "2002.??.??"]
[Round "1"]
[White "Reinke, Kurt"]
[Black "Girod, Gudrun"]
[Result "1-0"]
[WhiteElo "1863"]
[BlackElo "1366"]
[Annotator "ChessOrg"]
[PlyCount "89"]

1. d4 d5 2. c4 e6 3. Nc3 Nf6 4. Nf3 h6 5. e3 Nc6 6. a3 Bd7 7. Bd3 dxc4 8. Bxc4
Be7 9. O-O O-O 10. e4 Nh7 11. Bd3 f5 12. e5 Ng5 13. Nxg5 Bxg5 14. f4 Be7 15.
Be3 Bc8 16. Bc4 Kh8 17. b4 a6 18. Ne2 Bd7 19. Qb3 Qc8 20. Ng3 Nd8 21. Rac1 Bb5
22. Rfd1 Bxc4 23. Qxc4 c6 24. Qe2 Qd7 25. Qf3 Qe8 26. Bd2 Kg8 27. Nf1 Nf7 28.
Ne3 Nh8 29. Nc4 Rd8 30. Be3 Ng6 31. Bf2 Kh7 32. Na5 Qd7 33. Nb3 Qe8 34. Nc5
Bxc5 35. dxc5 Qe7 36. Rd6 Rxd6 37. cxd6 Qd7 38. g3 Rc8 39. Bb6 Nf8 40. Qe3 g6
41. Qc5 Qf7 42. Bc7 Nd7 43. Qa7 Qe8 44. Qxb7 Kg8 45. Qxc6 1-0

[Event "28.Alpenpokal"]
[Site "?"]
[Date "2002.??.??"]
[Round "1"]
[White "Schweiger, Thomas"]
[Black "Josting, Friedel"]
[Result "1/2-1/2"]
[WhiteElo "1300"]
[BlackElo "1862"]
[Annotator "ChessOrg"]
[PlyCount "86"]

1. Nf3 Nf6 2. g3 b6 3. Bg2 Bb7 4. d3 d5 5. Nbd2 e6 6. O-O Be7 7. Re1 c5 8. h3
O-O 9. c3 Nc6 10. Qc2 Rc8 11. e4 d4 12. c4 e5 13. a3 a6 14. b3 Rc7 15. Rb1 Bc8
16. Kh2 Ne8 17. Nf1 Qd6 18. Bd2 f5 19. exf5 Bxf5 20. Bg5 Bf6 21. N1d2 Rcf7 22.
Re2 h6 23. Bxf6 Nxf6 24. Rbe1 Nd7 25. Nh4 Ne7 26. Nxf5 Rxf5 27. Ne4 Qc7 28. a4
Nc6 29. Qd2 a5 30. Rf1 Kh8 31. g4 Rf4 32. Ng3 R4f7 33. Kg1 Nd8 34. Be4 Ne6 35.
f3 Nf4 36. Rh2 Nf6 37. Nf5 Nxe4 38. dxe4 Qd8 39. h4 Kg8 40. Kf2 Qf6 41. Rg1 Qg6
42. g5 h5 43. Nh6+ Kh7 1/2-1/2

[Event "28.Alpenpokal"]
[Site "?"]
[Date "2002.??.??"]
[Round "1"]
[White "Zuri, Rahim"]
[Black "Weissenfels, Gerd"]
[Result "1-0"]
[WhiteElo "1854"]
[BlackElo "1300"]
[Annotator "ChessOrg"]
[PlyCount "45"]

1. e4 e5 2. Bc4 Nf6 3. Qe2 Be7 4. c3 d6 5. Nf3 Nc6 6. O-O Bd7 7. h3 h6 8. a3
Qc8 9. d3 Bxh3 10. gxh3 Qxh3 11. Nh2 Nh5 12. Qg4 Qxg4+ 13. Nxg4 Nf6 14. Ne3 h5
15. b4 h4 16. Nf5 g6 17. Nxe7 Kxe7 18. f4 Rag8 19. fxe5 Nxe5 20. Bg5 Neg4 21.
Nd2 Rh5 22. Nf3 Ne3 23. Bxe3 1-0

[Event "28.Alpenpokal"]
[Site "?"]
[Date "2002.??.??"]
[Round "2"]
[White "Johannsen, Ingbert"]
[Black "Assmann, Thomas"]
[Result "0-1"]
[WhiteElo "2037"]
[BlackElo "2334"]
[Annotator "ChessOrg"]
[PlyCount "80"]

1. e4 c6 2. d3 d5 3. f3 e5 4. g3 Nf6 5. Qe2 Bd6 6. Bh3 O-O 7. Bxc8 Qxc8 8. Nc3
Qe6 9. Nd1 a5 10. Nf2 Re8 11. Ngh3 a4 12. a3 Na6 13. O-O Bc5 14. Kg2 Nc7 15.
Bd2 Nb5 16. c3 dxe4 17. fxe4 Qb3 18. Bg5 Nd7 19. Nd1 Nc7 20. Be3 Bf8 21. Ng5 f6
22. Nf3 Rad8 23. Nf2 Nc5 24. Rad1 Qb5 25. Qc2 Nb3 26. Ng4 Rd7 27. h3 Bc5 28. d4
exd4 29. cxd4 Bb6 30. e5 Nd5 31. Bg1 Rf7 32. Ng5 fxg5 33. Nh6+ gxh6 34. Rxf7
Kxf7 35. Qxh7+ Ke6 36. Rf1 Ne7 37. Rf6+ Kd7 38. Rd6+ Kc7 39. Qf7 Qe2+ 40. Bf2
Bxd4 0-1

[Event "28.Alpenpokal"]
[Site "?"]
[Date "2002.??.??"]
[Round "2"]
[White "Wahl, Frithjof"]
[Black "Feller, Joseph"]
[Result "0-1"]
[WhiteElo "2008"]
[BlackElo "2209"]
[Annotator "ChessOrg"]
[PlyCount "96"]

1. e4 c5 2. Nc3 Nc6 3. g3 g6 4. Bg2 Bg7 5. d3 d6 6. f4 e6 7. Nf3 Nge7 8. O-O
O-O 9. Kh1 b6 10. Ne2 Bb7 11. c3 d5 12. g4 f5 13. gxf5 exf5 14. e5 Qd7 15. d4
Nd8 16. Be3 Ne6 17. Rg1 Rac8 18. h4 Rfd8 19. Bh3 Kh8 20. Qd2 Ba6 21. Ng3 Bh6
22. h5 Rf8 23. Nh4 cxd4 24. cxd4 Qa4 25. b3 Qa5 26. Qf2 Bd3 27. Rac1 Qa6 28.
hxg6 hxg6 29. Rxc8 Qxc8 30. Bf1 Bxf1 31. Nxf1 Kh7 32. Qh2 Rh8 33. Rg2 Kg7 34.
Rxg6+ Nxg6 35. Nxf5+ Kf8 36. Nxh6 Ng7 37. Ng3 Qc3 38. Qh3 Ne7 39. Qh4 Rxh6 40.
Qxh6 Qxe3 41. Qf6+ Kg8 42. Qxe7 Qxg3 43. Qd8+ Kh7 44. Qxd5 Qxf4 45. a4 Nf5 46.
Qf7+ Kh6 47. e6 Qf1+ 48. Kh2 Qf2+ 0-1

[Event "28.Alpenpokal"]
[Site "?"]
[Date "2002.??.??"]
[Round "2"]
[White "Martino-Gross, Peter"]
[Black "Fischer, Ernst"]
[Result "1-0"]
[WhiteElo "1963"]
[BlackElo "2197"]
[Annotator "ChessOrg"]
[PlyCount "93"]

1. c4 Nf6 2. Nf3 c5 3. Nc3 e6 4. g3 b6 5. Bg2 Bb7 6. O-O Be7 7. b3 O-O 8. Bb2
a6 9. d4 cxd4 10. Qxd4 Nc6 11. Qd2 Qc7 12. Rac1 Rad8 13. Nd5 exd5 14. cxd5 Qd6
15. dxc6 Qxd2 16. Nxd2 Bxc6 17. Nc4 Bxg2 18. Kxg2 b5 19. Nb6 Rfe8 20. Rfd1 Kf8
21. Bxf6 Bxf6 22. Nxd7+ Ke7 23. Nxf6 Rxd1 24. Rxd1 gxf6 25. Kf3 Rc8 26. Rd2 h5
27. h4 Ke6 28. e4 Rc5 29. Kf4 Rc8 30. f3 Rc1 31. Rd4 Ra1 32. a4 Rb1 33. axb5
Rxb3 34. bxa6 Ra3 35. Rd5 Rxa6 36. Rxh5 Ra4 37. Rb5 Ra3 38. Rb8 Ra1 39. h5 Rh1
40. g4 Ra1 41. Rb6+ Ke7 42. Rb5 Rh1 43. Kf5 Rf1 44. f4 Rf2 45. Rb6 Rf1 46. Rxf6
Rxf4+ 47. Kxf4 1-0

[Event "28.Alpenpokal"]
[Site "?"]
[Date "2002.??.??"]
[Round "2"]
[White "Schulz, Toni"]
[Black "Doehner, Hans-Juergen"]
[Result "0-1"]
[WhiteElo "1950"]
[BlackElo "2171"]
[Annotator "ChessOrg"]
[PlyCount "54"]

1. e4 e5 2. Nf3 Nc6 3. Bb5 a6 4. Ba4 Nf6 5. d4 Nxe4 6. Qe2 f5 7. d5 Bc5 8. dxc6
Bxf2+ 9. Kf1 bxc6 10. Nc3 O-O 11. Nxe4 fxe4 12. Qxe4 Bd4 13. c3 d5 14. Qe2 Qd6
15. cxd4 e4 16. Qe1 exf3 17. Qg3 Qb4 18. gxf3 Qxa4 19. Be3 Qb5+ 20. Kg2 Rf6 21.
Rhe1 Rg6 22. Bg5 h6 23. h4 Qxb2+ 24. Kh1 Bf5 25. Qf4 Rf8 26. Rad1 hxg5 27. hxg5
Be4 0-1

[Event "28.Alpenpokal"]
[Site "?"]
[Date "2002.??.??"]
[Round "2"]
[White "Graf, Joachim"]
[Black "Heissenbuettel, Hans-Erich"]
[Result "1/2-1/2"]
[WhiteElo "2171"]
[BlackElo "1923"]
[Annotator "ChessOrg"]
[PlyCount "44"]

1. d4 d6 2. Nf3 g6 3. g3 Bg7 4. Bg2 c6 5. O-O Nf6 6. c4 O-O 7. Nc3 Nbd7 8. e4
e5 9. b3 Ne8 10. Bb2 f6 11. Qd2 Rf7 12. Rad1 Qc7 13. Kh1 Nf8 14. dxe5 dxe5 15.
Qd8 Qxd8 16. Rxd8 Nc7 17. Rfd1 Rd7 18. R8xd7 Bxd7 19. Ba3 Be8 20. Bh3 Nfe6 21.
Na4 Bf8 22. Bxf8 Kxf8 1/2-1/2

[Event "28.Alpenpokal"]
[Site "?"]
[Date "2002.??.??"]
[Round "2"]
[White "Wunderer, Eckart"]
[Black "Macher, Claus"]
[Result "1/2-1/2"]
[WhiteElo "2151"]
[BlackElo "1903"]
[Annotator "ChessOrg"]
[PlyCount "39"]

1. Nc3 c5 2. Ne4 e6 3. Ng3 d5 4. d3 Nf6 5. Nf3 Nc6 6. Bd2 g6 7. c3 Bg7 8. e4
Qc7 9. Be2 O-O 10. Qc2 b6 11. O-O Bb7 12. Rac1 Rac8 13. Ng5 e5 14. f4 exf4 15.
Bxf4 Qe7 16. Rce1 d4 17. Nf3 dxc3 18. bxc3 Qd7 19. Qd2 Rcd8 20. Ne5 1/2-1/2

[Event "28.Alpenpokal"]
[Site "?"]
[Date "2002.??.??"]
[Round "2"]
[White "Froehlich, Rainer"]
[Black "Schuler, Georg"]
[Result "1/2-1/2"]
[WhiteElo "1933"]
[BlackElo "2148"]
[Annotator "ChessOrg"]
[PlyCount "91"]

1. e4 c5 2. Nf3 e6 3. c3 d5 4. Bb5+ Bd7 5. Bxd7+ Qxd7 6. exd5 Qxd5 7. O-O Nc6
8. d4 Rd8 9. Qa4 Qd7 10. Bg5 Nf6 11. dxc5 Bxc5 12. Qh4 Be7 13. Nbd2 h6 14. Bxf6
Bxf6 15. Qg3 O-O 16. Rae1 Qe7 17. Ne4 Rd5 18. h3 Rfd8 19. Qh2 Rd3 20. Qf4 R8d5
21. Ng3 Qd8 22. Kh2 Ne7 23. Ne4 Rf5 24. Nxf6+ Rxf6 25. Qe4 Rd5 26. c4 Qc7+ 27.
Kg1 Ra5 28. Ne5 Rf5 29. f4 Rxa2 30. Rd1 Qb6+ 31. Kh1 Qxb2 32. Rd8+ Kh7 33. Nxf7
Ng6 34. Nd6 Ra1 35. Rxa1 Qxa1+ 36. Kh2 Rxf4 37. Qxe6 Nf8 38. Qe7 Qf6 39. Qxf6
Rxf6 40. Nxb7 Rb6 41. Rxf8 Rxb7 42. Rc8 a5 43. c5 Ra7 44. c6 a4 45. Rd8 a3 46.
Rd1 1/2-1/2

[Event "28.Alpenpokal"]
[Site "?"]
[Date "2002.??.??"]
[Round "2"]
[White "Jaeger, Erich"]
[Black "Maugg, Ludwig"]
[Result "1/2-1/2"]
[WhiteElo "1906"]
[BlackElo "2141"]
[Annotator "ChessOrg"]
[PlyCount "71"]

1. d4 Nf6 2. c4 c5 3. d5 b5 4. cxb5 a6 5. Nc3 axb5 6. g3 b4 7. Nb1 d6 8. Bg2 g6
9. b3 Bg7 10. Bb2 O-O 11. Qc2 Nbd7 12. Nd2 Nb6 13. e4 Ba6 14. Bf1 Bxf1 15. Kxf1
Qd7 16. Kg2 e6 17. Nc4 Rfb8 18. Ne2 exd5 19. Nxb6 Rxb6 20. exd5 Qb7 21. Rhd1
Nxd5 22. Kg1 Nf6 23. Nf4 Rba6 24. Qb1 Rd8 25. Qc2 Rda8 26. Qb1 Qe4 27. Qc1 Qb7
28. Bxf6 Bxf6 29. Nd5 Be5 30. Qg5 Bxa1 31. Rxa1 f5 32. Nf6+ Kh8 33. Re1 Qf7 34.
Nxh7 Re8 35. Qf6+ Kg8 36. Rxe8+ 1/2-1/2

[Event "28.Alpenpokal"]
[Site "?"]
[Date "2002.??.??"]
[Round "2"]
[White "Eidam, Horst"]
[Black "Felten, Joachim"]
[Result "1/2-1/2"]
[WhiteElo "1889"]
[BlackElo "2099"]
[Annotator "ChessOrg"]
[PlyCount "106"]

1. c4 c5 2. Nc3 Nc6 3. g3 g6 4. Bg2 Bg7 5. e4 d6 6. Nge2 Nf6 7. O-O a6 8. a3
Rb8 9. d3 b5 10. cxb5 axb5 11. d4 cxd4 12. Nxd4 Nxd4 13. Qxd4 O-O 14. Be3 Ng4
15. Qd2 Nxe3 16. Qxe3 b4 17. axb4 Rxb4 18. Rab1 Be6 19. Rfd1 Rb3 20. Qa7 Qb8
21. Qxb8 Rfxb8 22. Nd5 Kf8 23. Nf4 Bc8 24. Nd3 Bxb2 25. e5 Bf5 26. Rxb2 Rxb2
27. Nxb2 Rxb2 28. exd6 exd6 29. h4 Rb1 30. Rxb1 Bxb1 31. Kf1 Ke7 32. Ke2 Ba2
33. Ke3 h6 34. Kf4 Ke6 35. Ke3 g5 36. hxg5 hxg5 37. f4 f6 38. Bb7 Bb3 39. Bg2
Ba2 40. Bb7 Kf5 41. Bc8+ Kg6 42. Bd7 Kf7 43. Ke4 Ke7 44. Bc8 Bb1+ 45. Kf3 Bc2
46. Kg4 gxf4 47. Kxf4 d5 48. g4 Kd6 49. g5 fxg5+ 50. Kxg5 Ke5 51. Kg4 d4 52.
Kf3 Bf5 53. Ba6 Kd6 1/2-1/2

[Event "28.Alpenpokal"]
[Site "?"]
[Date "2002.??.??"]
[Round "2"]
[White "Rodemann, Edmund"]
[Black "Reinke, Kurt"]
[Result "1/2-1/2"]
[WhiteElo "2064"]
[BlackElo "1863"]
[Annotator "ChessOrg"]
[PlyCount "77"]

1. e4 c5 2. c3 Nf6 3. e5 Nd5 4. d4 cxd4 5. Nf3 d6 6. Bc4 Nb6 7. Bb3 e6 8. cxd4
Nc6 9. exd6 Bxd6 10. Nc3 O-O 11. O-O Be7 12. Be3 Nb4 13. Qe2 N6d5 14. Bd2 b6
15. Bc4 Bb7 16. a3 Nxc3 17. bxc3 Nd5 18. Bd3 Nf6 19. h3 Qc7 20. c4 Rad8 21. Be3
Rfe8 22. Rfc1 Nd7 23. c5 bxc5 24. Bb5 Bc6 25. dxc5 Bf6 26. Rab1 Nb8 27. Bd3
Bxf3 28. gxf3 Nc6 29. Bb5 e5 30. Bxc6 Qxc6 31. Rc4 Rd5 32. Rd1 Rxd1+ 33. Qxd1
Rd8 34. Qe2 h6 35. Kg2 Be7 36. Qc2 Rc8 37. Qe4 Bf6 38. Qxc6 Rxc6 39. f4 1/2-1/2

[Event "28.Alpenpokal"]
[Site "?"]
[Date "2002.??.??"]
[Round "2"]
[White "Zuri, Rahim"]
[Black "Perk, Egbert"]
[Result "0-1"]
[WhiteElo "1854"]
[BlackElo "2063"]
[Annotator "ChessOrg"]
[PlyCount "50"]

1. e4 d6 2. Bc4 Nf6 3. Nc3 c6 4. h3 b5 5. Bd3 Nbd7 6. a3 Nc5 7. Nf3 e5 8. b4
Ne6 9. Ne2 Nh5 10. c3 Nhf4 11. Nxf4 Nxf4 12. Bf1 Be7 13. d4 Qc7 14. Bxf4 exf4
15. Qd2 g5 16. e5 d5 17. Bd3 Bd7 18. Qc2 h6 19. Bf5 Qc8 20. Bd3 a5 21. Qb2 O-O
22. O-O Bxh3 23. gxh3 Qxh3 24. Qe2 g4 25. Nh2 f3 0-1

[Event "28.Alpenpokal"]
[Site "?"]
[Date "2002.??.??"]
[Round "2"]
[White "Walther, Diethelm"]
[Black "Woell, Josef"]
[Result "1-0"]
[WhiteElo "2101"]
[BlackElo "1756"]
[Annotator "ChessOrg"]
[PlyCount "133"]

1. d4 d5 2. Bg5 h6 3. Bh4 Qd6 4. Qd2 Qb6 5. c3 Nf6 6. f3 Bf5 7. g4 Bh7 8. Nh3
g5 9. Bg3 e6 10. Nf2 Nbd7 11. h4 Rg8 12. hxg5 hxg5 13. Bg2 c5 14. e4 cxd4 15.
cxd4 Bg6 16. Nc3 dxe4 17. fxe4 Qa5 18. O-O Rd8 19. Rad1 Bb4 20. Rfe1 Nb6 21. a3
Bxc3 22. bxc3 Nc4 23. Qe2 b5 24. Qf3 Nd7 25. Bf1 Rc8 26. d5 Nce5 27. Bxe5 Nxe5
28. Qf6 Qxc3 29. Kg2 Nd3 30. Qxc3 Nf4+ 31. Kg1 Rxc3 32. Bxb5+ Ke7 33. d6+ Kf6
34. Rc1 Rg3+ 35. Kf1 e5 36. Red1 Rd8 37. Rc7 Rxa3 38. Re7 Ne6 39. Re8 a6 40.
Rxd8 Nxd8 41. Bd7 Rb3 42. Bf5 Rb4 43. Rd5 Rd4 44. Rxd4 exd4 45. Nd3 Bxf5 46.
gxf5 Nb7 47. d7 a5 48. Nc5 Nd8 49. Ke2 Ke5 50. Kf3 f6 51. Ne6 Kd6 52. Nxd8 Kxd7
53. Nb7 a4 54. Nc5+ Kd6 55. Nxa4 Ke5 56. Nc5 Kd6 57. Nd3 Ke7 58. Kg4 Kd6 59.
Kh5 Ke7 60. Kg4 Kd6 61. Kf3 Ke7 62. Nf2 Kf7 63. Ng4 Ke7 64. Ke2 Kf7 65. Kd3 Ke7
66. Kxd4 Kf7 67. Kd5 1-0

[Event "28.Alpenpokal"]
[Site "?"]
[Date "2002.??.??"]
[Round "2"]
[White "Kleifges, Matthias"]
[Black "Marek, Herbert"]
[Result "1-0"]
[WhiteElo "2067"]
[BlackElo "1727"]
[Annotator "ChessOrg"]
[PlyCount "35"]

1. e4 c5 2. c3 d5 3. exd5 Qxd5 4. d4 b6 5. Nf3 Nd7 6. Be2 Bb7 7. c4 Qc6 8. d5
Qc8 9. Nc3 Ngf6 10. Bf4 Nh5 11. Qd2 Nxf4 12. Qxf4 g6 13. Nb5 Qb8 14. Nc7+ Kd8
15. Ng5 Kc8 16. Qxf7 Kxc7 17. d6+ Kxd6 18. O-O-O+ 1-0

[Event "28.Alpenpokal"]
[Site "?"]
[Date "2002.??.??"]
[Round "2"]
[White "Spurga, Josef"]
[Black "Mueller, Helmut"]
[Result "1/2-1/2"]
[WhiteElo "1899"]
[BlackElo "1870"]
[Annotator "ChessOrg"]
[PlyCount "24"]

1. d4 Nf6 2. Nf3 g6 3. c4 Bg7 4. Nc3 d5 5. Qb3 c6 6. Bg5 dxc4 7. Qxc4 Be6 8.
Qd3 Nbd7 9. e4 Nb6 10. b3 O-O 11. Be2 a5 12. O-O a4 1/2-1/2

[Event "28.Alpenpokal"]
[Site "?"]
[Date "2002.??.??"]
[Round "2"]
[White "Watson, Ron"]
[Black "Emde, Rainer"]
[Result "1-0"]
[WhiteElo "2200"]
[BlackElo "1800"]
[Annotator "ChessOrg"]
[PlyCount "75"]

1. d4 d5 2. Nc3 Bf5 3. f3 e6 4. e4 Bg6 5. Be3 Nf6 6. Bd3 Bb4 7. e5 Nfd7 8. Nge2
Bxd3 9. Qxd3 O-O 10. O-O c5 11. f4 c4 12. Qd2 f5 13. exf6 Nxf6 14. Ng3 Nc6 15.
Rae1 Qd7 16. a3 Ba5 17. h3 Ne7 18. b4 cxb3 19. cxb3 Nf5 20. Nxf5 exf5 21. b4
Bb6 22. Bf2 Rac8 23. Re5 Bc7 24. Ree1 Bxf4 25. Be3 Bxe3+ 26. Rxe3 Ne4 27. Nxe4
fxe4 28. Rxf8+ Kxf8 29. Rg3 Rc6 30. Qf4+ Kg8 31. Qb8+ Rc8 32. Qxa7 Qb5 33. Re3
h6 34. Re1 Qc4 35. Qb6 Qc3 36. Rf1 Qe3+ 37. Kh2 Qd3 38. Qe6+ 1-0

[Event "28.Alpenpokal"]
[Site "?"]
[Date "2002.??.??"]
[Round "2"]
[White "Schumacher, Gottfried"]
[Black "Drewitz, Friedel"]
[Result "1-0"]
[WhiteElo "2186"]
[BlackElo "1825"]
[Annotator "ChessOrg"]
[PlyCount "81"]

1. d4 d5 2. c4 e6 3. Nc3 Nf6 4. Bg5 Be7 5. e3 c6 6. Bd3 Nbd7 7. Nf3 dxc4 8.
Bxc4 Nd5 9. Bxe7 Qxe7 10. O-O Nxc3 11. bxc3 e5 12. a4 e4 13. Nd2 Nf6 14. a5 O-O
15. Qb3 Bf5 16. Rfb1 Rab8 17. Ra4 Rfd8 18. Rb4 Qc7 19. Rxb7 Rxb7 20. Qxb7 Qxb7
21. Rxb7 Nd5 22. h3 Ra8 23. Bxd5 cxd5 24. c4 dxc4 25. Nxc4 Be6 26. Nd6 Bd5 27.
Rb5 Be6 28. Nxe4 a6 29. Rb6 Bc4 30. Nc5 g6 31. g4 Kg7 32. g5 h6 33. h4 hxg5 34.
hxg5 Rh8 35. Kg2 Rd8 36. Kg3 Rd5 37. f4 Rd8 38. Kf3 Rd5 39. Rb8 Bb5 40. Kf2 Rd6
41. Ne4 1-0

[Event "28.Alpenpokal"]
[Site "?"]
[Date "2002.??.??"]
[Round "2"]
[White "Sakowski, Christian"]
[Black "Bierwisch, Bernhard"]
[Result "0-1"]
[WhiteElo "1718"]
[BlackElo "2167"]
[Annotator "ChessOrg"]
[PlyCount "104"]

1. g3 Nf6 2. c4 e5 3. Bg2 d6 4. Nc3 c6 5. Nf3 Be7 6. d3 O-O 7. O-O h6 8. e4 Be6
9. h3 Kh7 10. Be3 Nbd7 11. b4 Qc7 12. a3 g6 13. Qd2 Ng8 14. Nh2 Ndf6 15. Nf3
Qd7 16. Kh2 Ne8 17. c5 Bf6 18. d4 dxc5 19. dxc5 Qc7 20. Qc2 Ng7 21. Rfd1 Be7
22. Ng1 f5 23. f4 Nh5 24. Nge2 Bf6 25. Rf1 exf4 26. Nxf4 Nxf4 27. Bxf4 Qg7 28.
Rac1 Rad8 29. Ne2 Ne7 30. Bd6 Be5 31. Bxe5 Qxe5 32. Rcd1 fxe4 33. Qxe4 Qxe4 34.
Bxe4 Rxf1 35. Rxf1 Rd2 36. Rf2 Bc4 37. Bf3 Nf5 38. Kg1 Rd1+ 39. Kh2 Rd2 40. Kg1
Rd3 41. Be4 Rxa3 42. Bxf5 gxf5 43. g4 fxg4 44. hxg4 Bxe2 45. Rxe2 Rg3+ 46. Kf2
Rxg4 47. Re7+ Rg7 48. Re4 h5 49. Kf3 Kg6 50. Ke3 Kf5 51. Rh4 Kg5 52. Re4 Rf7
0-1

[Event "28.Alpenpokal"]
[Site "?"]
[Date "2002.??.??"]
[Round "2"]
[White "Reinkoester, Michael"]
[Black "Zoefel, Peter"]
[Result "1-0"]
[WhiteElo "1786"]
[BlackElo "2070"]
[Annotator "ChessOrg"]
[PlyCount "71"]

1. e4 e5 2. Nf3 Nf6 3. Nxe5 d6 4. Nf3 Nxe4 5. d4 d5 6. Bd3 Bd6 7. O-O Bg4 8.
Re1 f5 9. c4 O-O 10. Nbd2 c6 11. cxd5 cxd5 12. Qb3 Nxd2 13. Nxd2 Qd7 14. Bb5
Qf7 15. Nf3 Bxf3 16. Qxf3 a6 17. Ba4 Nc6 18. Bxc6 bxc6 19. Bf4 Bxf4 20. Qxf4
Rfe8 21. Qd6 Qb7 22. b3 Rad8 23. Rxe8+ Rxe8 24. g3 Qb6 25. Qd7 Rf8 26. Qe6+ Kh8
27. Qe5 h6 28. Re1 Rf6 29. h4 Qb4 30. h5 Qd2 31. Qb8+ Kh7 32. Re8 Qd1+ 33. Kg2
Qxh5 34. Rh8+ Kg6 35. Qe8+ Kg5 36. f4+ 1-0

[Event "28.Alpenpokal"]
[Site "?"]
[Date "2002.??.??"]
[Round "2"]
[White "Weber, Gerhard"]
[Black "Schweiger, Thomas"]
[Result "1-0"]
[WhiteElo "2136"]
[BlackElo "1300"]
[Annotator "ChessOrg"]
[PlyCount "63"]

1. e4 g6 2. d4 Bg7 3. c4 d6 4. Nc3 Nd7 5. Be3 e5 6. d5 Ngf6 7. f3 b6 8. Qd2 Qe7
9. Nge2 Bb7 10. g4 Nc5 11. Ng3 h6 12. b4 Ncd7 13. Be2 c6 14. h4 cxd5 15. cxd5
a6 16. h5 Ng8 17. Rc1 b5 18. a4 Qd8 19. axb5 a5 20. bxa5 Qxa5 21. hxg6 fxg6 22.
Kf2 Rc8 23. Qb2 Ne7 24. b6 Kf7 25. Nb5 Rxc1 26. Nxd6+ Kg8 27. Rxc1 Qa8 28. Nxb7
Kh7 29. Rc7 Nf6 30. Rxe7 Rf8 31. Kg2 Ng8 32. Rc7 1-0

[Event "28.Alpenpokal"]
[Site "?"]
[Date "2002.??.??"]
[Round "2"]
[White "Josting, Friedel"]
[Black "Wassem, Michael"]
[Result "0-1"]
[WhiteElo "1862"]
[BlackElo "1401"]
[Annotator "ChessOrg"]
[PlyCount "132"]

1. Nf3 Nf6 2. d4 g6 3. Bg5 Bg7 4. Nbd2 d6 5. e4 O-O 6. c3 Nc6 7. Bb5 Bd7 8. Qc2
a6 9. Bd3 Qc8 10. d5 Nd8 11. O-O e5 12. c4 b6 13. b4 Nb7 14. Rac1 a5 15. a3 Nh5
16. Rfe1 f5 17. exf5 Bxf5 18. Be4 Qd7 19. Nf1 Bxe4 20. Qxe4 Qf5 21. Qxf5 Rxf5
22. Ne3 Rf7 23. Ng4 Nf4 24. Rb1 Nh3+ 25. gxh3 Rxf3 26. Re3 Raf8 27. Rbb3 Rxe3
28. Bxe3 h5 29. c5 bxc5 30. bxc5 Nxc5 31. Bxc5 a4 32. Rb7 hxg4 33. Be3 gxh3 34.
Rxc7 Rf7 35. Rc8+ Rf8 36. Rc4 Ra8 37. Rh4 Ra5 38. Rxh3 Rxd5 39. Rh4 Ra5 40. Rb4
Ra6 41. Rb5 Bf8 42. Kf1 Kf7 43. Ke2 Ke6 44. Kd3 d5 45. Bc5 Bxc5 46. Rxc5 Kd6
47. Rc8 Rb6 48. Rg8 Rb3+ 49. Kc2 d4 50. Rxg6+ Kd5 51. h4 Rh3 52. Ra6 Rxh4 53.
Ra5+ Ke6 54. Kd2 Rf4 55. Rxa4 Rxf2+ 56. Kd3 Rf3+ 57. Kd2 Kf5 58. Ra8 Ke4 59. a4
Ra3 60. a5 Ra2+ 61. Kd1 Ke3 62. a6 d3 63. Rc8 Rxa6 64. Rc5 e4 65. Rc3 Ra1+ 66.
Rc1 Rxc1+ 0-1

[Event "28.Alpenpokal"]
[Site "?"]
[Date "2002.??.??"]
[Round "2"]
[White "Boeven, Manfred"]
[Black "Kaiser, Hans"]
[Result "1-0"]
[WhiteElo "2126"]
[BlackElo "1679"]
[Annotator "ChessOrg"]
[PlyCount "37"]

1. d4 c5 2. dxc5 e6 3. e4 Bxc5 4. Bd3 Nf6 5. Nc3 Nc6 6. Nf3 d6 7. O-O a6 8. Qe2
b5 9. Bg5 h6 10. Bh4 O-O 11. e5 dxe5 12. Bxf6 gxf6 13. Qe4 f5 14. Qxc6 Bxf2+
15. Rxf2 Bd7 16. Qd6 e4 17. Bxe4 fxe4 18. Nxe4 f5 19. Nc5 1-0

[Event "28.Alpenpokal"]
[Site "?"]
[Date "2002.??.??"]
[Round "2"]
[White "Fehres, Werner"]
[Black "Tauscher, Max"]
[Result "1/2-1/2"]
[WhiteElo "2104"]
[BlackElo "1675"]
[Annotator "ChessOrg"]
[PlyCount "97"]

1. e4 c5 2. f4 d6 3. Nf3 e6 4. c3 Nf6 5. d3 Be7 6. Be2 Nbd7 7. O-O O-O 8. Kh1
b6 9. Be3 Bb7 10. Na3 a6 11. Nc2 h6 12. Nd2 b5 13. Bf3 Rb8 14. Qe2 Qc7 15. Rac1
Nh7 16. d4 d5 17. e5 c4 18. g4 f6 19. Qg2 fxe5 20. fxe5 Rf7 21. Rce1 Rbf8 22.
Qg3 Qd8 23. Qg2 a5 24. Bd1 Bc6 25. Rxf7 Rxf7 26. Nf3 Ng5 27. Bc1 Nxf3 28. Bxf3
Bg5 29. Ne3 Nf8 30. Rf1 Ng6 31. Qc2 Nh4 32. Bg2 Qf8 33. Qe2 Rxf1+ 34. Qxf1
Qxf1+ 35. Bxf1 Be8 36. Kg1 Bg6 37. Kf2 Bb1 38. a3 Ng6 39. Bd2 Be4 40. Be1 Bh4+
41. Ke2 Bxe1 42. Kxe1 Nf4 43. Kd2 g5 44. Be2 Kg7 45. Bd1 a4 46. Be2 Kg6 47. Bf1
h5 48. h3 h4 49. Nd1 1/2-1/2